000 00978nam a2200289Ia 4500
003 GCL
008 140319s9999 xx 000 0 ara d
040 _aGCL /
_cGCL
082 0 4 _a327.11
_bا ح
100 1 _aمحمد حسنين هيكل
245 1 0 _aحرب العالمين الاولى حرب ضد بلد عربى - مسلم من العالم الثالث /
_cمحمد حسنين هيكل
700 1 _aادوار سعيد
700 1 _aكيسنجر, هنرى
700 1 _aصبحى حديدى
260 _a[S.N] :
_bشركة الارض للنشر المحدوده ،
_c1991
300 _a230
490 _a
650 0 4 _aالكويت
650 0 4 _aالاحوال السياسية
650 0 4 _aالوطن العربى
650 0 4 _aالدبلوماسية
650 0 4 _aحركات التحرير
650 0 4 _aحرب الخليج
650 0 4 _aالاحكام العسكرية
650 0 4 _aالنظام العالمى الحديث
942 _2ddc
_cBK
999 _c55631
_d55631